Missing Word: Books Beginning with 'N' Quiz Stats

 Plays Quiz Updated Jan 25, 2015

Challenge
Share
Tweet
Embed
Score 0/20 Timer 04:00
0 Plays Today
BOOKS ANSWER % Correct
Nineteen ____-FourEighty
94.1%
No ____ for Old MenCountry
93.6%
The Neverending ____Story
89.3%
Never Let ____ GoMe
76.5%
Nicholas ____Nickleby
71.5%
North and ____South
66.7%
The No.1 Ladies' ____ AgencyDetective
65.8%
The Naked and the ____Dead
61.3%
Northanger ____Abbey
61.2%
Native ____Son
54.9%
BOOKS ANSWER % Correct
Norwegian ____Wood
54.1%
The Name of the ____Rose
49.9%
Naked ____Lunch
46.4%
New ____Moon
40.6%
Noughts & ____Crosses
32.9%
Number the ____Stars
30.1%
The Naked ____Ape
27.8%
Nine ____Stories
18.9%
Notes from ____Underground
18.4%
The Night of the ____Hunter
15.1%

Today's Daily Dose

You're not logged in!

Compare scores with friends on all Sporcle quizzes.
OR
Log In

You Might Also Like...

Show Comments

Extras

Top Quizzes Today


Score Distribution

Your Account Isn't Verified!

In order to create a playlist on Sporcle, you need to verify the email address you used during registration. Go to your Sporcle Settings to finish the process.

Report this User

Report this user for behavior that violates our Community Guidelines.

Details: